000 00518nam a22001577a 4500
999 _c14927
_d14927
003 OSt
005 20200131153137.0
008 200131b ||||| |||| 00| 0 eng d
040 _c2
082 _aDPer 050 Dec 2015-Mar 2016 T48 v186-187
100 _941460
_aD'Addario, Daniel.
245 _aWall street soap billions is bullish on drama, bearish on insight/
_cDaniel D'Addario.
260 _aNew York:
_bTime Inc.,
_c©Dec 2015-Mar 2016.
300 _av187 n2, page 47-49:
_billustrations;
_c27 cm.
942 _2ddc
_cPER